Cálculo de estructuras en paraboloide hiperbólico

Bibliographic Details
Main Authors: Margarit, J, Buxadé, C
Format: Section = Libro
Language:Undetermined
Spanish
Published: España [s.e] 1969
Subjects:
LEADER 00479nam a2200181Ia 4500
008 240829s9999 xx 000 0 und d
040 |a BIBLIOTECA-RUSB/ 721 M327 
041 |a spa 
082 |a 721 M327 
100 1 |a Margarit, J  
100 1 |b  Buxadé, C 
245 1 0 |a Cálculo de estructuras en paraboloide hiperbólico 
260 |a España  |b [s.e]  |c 1969 
300 |a 140 p. :il. 
650 7 |a CALCULO DE ESTRUCTURAS-ARQUITECTURA 
942 |c BK  |2 ddc 
991 |a TEXTO 
999 |c 5123